Los 7 hábitos de la gente altamente efectiva : (Registro nro. 18395)

Detalles MARC
000 -CABECERA
Campo de control de longitud fija 01079cam a2200289 a 4500
001 - NÚMERO DE CONTROL
Campo de control 000827
007 - CAMPO FIJO DE DESCRIPCION - INFORMACION GENERAL
Campo de control ta
008 - ELEMENTOS DE LONGITUD FIJA—INFORMACION GENERAL
Campo de control 161205e2014 mx d|||frj||| 001 0 spa||
020 ## - NÚMERO INTERNACIONAL NORMALIZADO PARA LIBROS (ISBN)
Número Internacional Normalizado para Libros (ISBN) 9786079377069
040 ## - FUENTE DE CATALOGACIÓN
Agencia de catalogación original ULSAOAX
Agencia que realiza la transcripción ULSAOAX
Agencia que realiza la modificación ULSAOAX
041 1# - CÓDIGO DE LENGUA
Código de lengua del texto/banda sonora o título independiente spa
Código de lengua original eng
050 00 - SIGNATURA TOPOGRÁFICA DE LA BIBLIOTECA DEL CONGRESO
Número de clasificación BF637.S8
Código de autor C6818
100 1# - AUTOR PERSONAL
Nombre de persona Covey, Stephen R.,
Fechas asociadas al nombre 1932-2012,
Término de relación autor
9 RLIN 5181
245 03 - MENCIÓN DE TÍTULO
Título Los 7 hábitos de la gente altamente efectiva :
Subtítulo la revolución ética en la vida cotidiana y en la empresa /
Mención de responsabilidad etc. Stephen R. Covey
250 ## - MENCIÓN DE EDICIÓN
Mención de edición primera edición
Resto de la mención de edición sexta edición 2016
260 3# - PUBLICACIÓN, DISTRIBUCIÓN, ETC.
Lugar de publicación México :
Editorial Ediciones Culturales Paidós,
Fecha de publicación 2014.
300 ## - DESCRIPCIÓN FÍSICA
Páginas o volúmenes 425 páginas :
Otras características físicas ilustraciones ;
Dimensiones 23 cm.
490 ## - MENCION DE SERIE
Título Biblioteca Covey
500 ## - NOTA GENERAL
Nota general Incluye índice analítico
500 ## - NOTA GENERAL
Nota general Traducción de: The seven habits of highly effective people
504 ## - NOTA DE BIBLIOGRAFÍA
Nota de bibliografía Incluye referencias bibliográficas
526 1# - NOTA DE INFORMACION DE PROGRAMA DE ESTUDIO
Nombre del programa Licenciatura en Arquitectura
650 10 - TEMA GENER
Términos generales Éxito
Subdivisión de materia general Aspectos psicológicos.
9 RLIN 5182
650 20 - TEMA GENER
Términos generales Carácter
9 RLIN 7176
700 1# - ASIENTOS SECUNDARIOS BAJO AUTOR PERSONAL
Nombre de persona Martín Arribas, Francisco,
Término de relación traductor
9 RLIN 7177
942 ## - ENTRADA PARA ELEMENTOS AGREGADOS (KOHA)
Fuente de clasificación o esquema de ordenación en estanterías Clasificación Biblioteca del Congreso (LC)
Koha [por defecto] tipo de item Libro
Cantidad items 03
Existencias
Descartado Item perdido Fuente de clasificación o esquema de ordenación en estanterías Dañado No para préstamo Localización permanente Localización actual Localización en estanterías Fecha de adquisición Fuente de adquisición Préstamos totales Signatura completa Código de barras Fecha última consulta Número de ejemplar Fecha del precio de reemplazo Tipo de item de Koha Renovaciones totales Fecha último préstamo
Activo 0 Clasificación Biblioteca del Congreso (LC) Activo Consulta en Sala BIBLIOTECA ULSA OAXACA BIBLIOTECA ULSA OAXACA Sala General 18/01/2017 Compra   BF637.S8 C6818 LB0000014745 18/01/2017 Ej.1 18/01/2017 Libro    
Activo 0 Clasificación Biblioteca del Congreso (LC) Activo Prestamo BIBLIOTECA ULSA OAXACA BIBLIOTECA ULSA OAXACA Sala General 18/01/2017 Compra   BF637.S8 C6818 LB0000014746 18/01/2017 Ej.2 18/01/2017 Libro    
Activo 0 Clasificación Biblioteca del Congreso (LC) Activo Prestamo BIBLIOTECA ULSA OAXACA BIBLIOTECA ULSA OAXACA Sala General 18/01/2017 Compra 3 BF637.S8 C6818 LB0000014747 11/01/2023 Ej.3 18/01/2017 Libro 1 12/12/2022